[Event "Backwards Pawns: Testing Backwards Pawns"]
[Site "SchemingMind.com"]
[Date "2022.06.14"]
[Round "-"]
[White "surfnsuds"]
[Black "JPT"]
[Result "1-0"]
[WhiteCountry "USA"]
[BlackCountry "INT"]
[WhiteElo "1246"]
[WhiteRD "160"]
[BlackElo "1419"]
[BlackRD "129"]
[GameID "724434"]

1. d4 c5 2. c4 Qa5+ 3. c3 c6 4. d5 c7 5. e3 c5 6. dxc6 d5 7. c5 b5 8. cxb6 Qc5 9. b5 a5 10. bxa6 e5
11. a5 Qb6 12. axb6 Nc6 13. b5 d6 14. bxc6 d7 15. c5 d5 16. cxd6 e6 17. d5 e7 18. Ne2 e5 19. dxe6 Ba6 20. e5 f5
21. exf6 Bd6 22. f5 g5 23. fxg6 Nf6 24. g7 O-O-O 25. g6 Rhe8 26. g5 h5 27. gxh6 Ne4 28. h7 Nc5 29. h8=N Be7 30. g4 Bd6
31. g5 Re7 32. g6 Red7 33. g7 Bb7 34. g8=N Bd5 35. a4 Rc7 36. a5 Kd7 37. a6 Rc6 38. a7 Rdc8 39. a8=N Rd8 40. b4 Nd3+
41. Qxd3 Rc4 42. b5 Ra4 43. b4 Bb3 44. Nf6+ Kc8 45. b5 Rd7 46. b6 Kd8 47. b7 Rg7 48. b8=N Rg5 49. e4 Ba2 50. e5 Rgg4
51. e6 Kc8 52. e7 Ba3 53. e8=N Kb7 54. Nd4 Rh4 55. Ndc6 Rag4 56. Nec7 Rh5 57. Nfd7 Rhg5 58. Ndb6 Rg6 59. Nxa3 R6g5 60. Nab5 Bg8
61. Nba7 Rd4 62. cxd4 Rg4 63. d5 Rg5 64. d6 Rg4 65. d7 Ba2 66. d8=N#
1-0

[Event "Backwards Pawns: Testing Backwards Pawns"]
[Site "SchemingMind.com"]
[Date "2022.06.14"]
[Round "-"]
[White "JPT"]
[Black "surfnsuds"]
[Result "1/2-1/2"]
[WhiteCountry "INT"]
[BlackCountry "USA"]
[WhiteElo "1416"]
[WhiteRD "211"]
[BlackElo "1376"]
[BlackRD "255"]
[GameID "724435"]

1. e4 d5 2. e5 c6 3. d4 d6 4. exd6 e5 5. dxe5 f5 6. c4 c7 7. d5 Bc5 8. b3 f6 9. f4 f7 10. g3 Bd4
11. c3 Bxe5 12. fxe5 Ne7 13. Bg5 f6 14. exf6 gxf6 15. Bxf6 Kf7 16. d6 Ke6 17. d5+ Kd6 18. d4 Bg4 19. Qxg4 Nf5 20. Qxf5 Qc8
21. Qxc8 Rd8 22. Bxd8 c6 23. Qxb8+ c7 24. Bxc7+ Kc6 25. d5+ Kc5 26. Qxb7 Rf8 27. Qxa7+ Kxd5 28. Ba5 Ke5 29. Qxh7 Kf6 30. Qh8+ Kg6
31. Qxf8 Kh5 32. g4+ Kxg4 33. h4 Kg3 34. h5 Kg4 35. c4 Kg5 36. Bd2+ Kg4 37. Qf7 Kg3 38. Rh3+ Kg4 39. h4
1/2-1/2

[Event "Backwards Pawns: Testing Backwards Pawns"]
[Site "SchemingMind.com"]
[Date "2022.06.15"]
[Round "-"]
[White "JPT"]
[Black "magier72"]
[Result "1-0"]
[WhiteCountry "INT"]
[BlackCountry "GER"]
[WhiteElo "1419"]
[WhiteRD "129"]
[BlackElo "1230"]
[BlackRD "185"]
[GameID "724453"]

1. g3 g6 2. f3 Bg7 3. Nh3 b6 4. Nf2 Bb7 5. Bg2 e5 6. O-O d6 7. c3 Ne7 8. b3 c5 9. Bb2 Nd7 10. Na3 c6
11. Nc2 d5 12. e4 O-O 13. Re1 Re8 14. d4 f6 15. Qd2 Qc7 16. Rad1 Rad8 17. Qc1 Nf8 18. Qb1 Nc8 19. Ng4 e6 20. Bc1 a6
21. Bd2 Nd6 22. Qc1 c5 23. Bh6 Bh8 24. e5 Nf5 25. Qf4 g5 26. Bxg5 fxg5 27. Qxg5+ Ng6 28. h4 Bg7 29. h5 Kf8 30. hxg6 h6
31. Nxh6 Nxh6 32. Kf2 Qe7 33. Qe3 Nf5 34. Qf4 Bh6 35. Qg4 Qg7 36. Rh1 Ke7 37. Rh5 Bc8 38. g5 Rg8 39. gxh6 Qxg4 40. fxg4 Rxg4
41. h7 Rh8 42. Bf3 Rxg3 43. Rxf5 exf5 44. Kxg3 Rxh7 45. Bxd5
1-0

[Event "Backwards Pawns: Testing Backwards Pawns"]
[Site "SchemingMind.com"]
[Date "2022.06.15"]
[Round "-"]
[White "magier72"]
[Black "JPT"]
[Result "1/2-1/2"]
[WhiteCountry "GER"]
[BlackCountry "INT"]
[WhiteElo "1230"]
[WhiteRD "185"]
[BlackElo "1419"]
[BlackRD "129"]
[GameID "724454"]

1. c4 c5 2. Nf3 Nc6 3. g3 d6 4. Bg2 Bd7 5. Nc3 Qc7 6. Nd5 Qa5 7. c3 c4 8. Nd4 Nxd4 9. cxd4 Bc6 10. e4 e6
11. Nc3 Nf6 12. O-O Be7 13. d3 cxd3 14. Qxd3 O-O 15. Bd2 Qh5 16. Bf3 Ng4 17. Bxg4 Qxg4 18. Rfe1 Rfe8 19. Qe2 Qxe2 20. Rxe2 Rad8
21. Rae1 Bd7 22. f3 a6 23. d5 e5 24. f4 b5 25. a3 Bg4 26. Rf2 f6 27. f3 Bh3 28. g2 Bc8 29. b4 Bb7 30. Rc1 Rc8
31. Rff1 Rc4 32. Ne2 Rec8 33. Bc3 Bd8 34. b3 Bb6+ 35. Kh1 R4c7 36. Bb4 Rxc1 37. Rxc1 Rxc1+ 38. Nxc1 d7 39. Nd3 a5=
1/2-1/2

[Event "Backwards Pawns: Testing Backwards Pawns"]
[Site "SchemingMind.com"]
[Date "2022.06.19"]
[Round "-"]
[White "surfnsuds"]
[Black "*chessnut*"]
[Result "1-0"]
[WhiteCountry "USA"]
[BlackCountry "FRA"]
[WhiteElo "1127"]
[WhiteRD "117"]
[BlackElo "1171"]
[BlackRD "139"]
[GameID "724455"]

1. d4 d5 2. e3 e6 3. c3 Bd7 4. Bd3 h6 5. e4 Qe7 6. e5 c5 7. Nf3 a6 8. Qc2 f6 9. Bg6+ Kd8 10. e4 Bb5
11. exd5 exd5+ 12. Be3 cxd4 13. cxd4 Nc6 14. Nc3 Nb4 15. Qb3 Qd7 16. Nxb5 axb5 17. Bd2 Qe7+ 18. Kd1 Qd7 19. Re1 Be7 20. Bxb4 Qg4
21. Bf7 Qxg2 22. Ke2 Bxb4 23. Qxb4 Ne7 24. Be6 Ra6 25. Bxd5 Nxd5 26. Qxb5 Nf4+ 27. Ke3 Qxh2 28. Nxh2 Ng2+ 29. Kf3 Nxe1+ 30. Rxe1 Kc7
31. Re7+ Kd6 32. Rxb7 Rc8 33. Rb6+ Rxb6 34. Qxb6+ Rc6 35. Qd8+
1-0

[Event "Backwards Pawns: Testing Backwards Pawns"]
[Site "SchemingMind.com"]
[Date "2022.06.19"]
[Round "-"]
[White "*chessnut*"]
[Black "surfnsuds"]
[Result "1-0"]
[WhiteCountry "FRA"]
[BlackCountry "USA"]
[WhiteElo "1171"]
[WhiteRD "139"]
[BlackElo "1127"]
[BlackRD "117"]
[GameID "724456"]

1. d4 d5 2. e3 Nf6 3. Bd3 Ne4 4. Nc3 Nxf2 5. Kxf2 e6 6. a3 Bd6 7. Nf3 O-O 8. e4 dxe4 9. Nxe4 f5 10. Nxd6 Qxd6
11. g3 Re8 12. Re1 Nd7 13. Bf4 Qc6 14. Ne5 Nxe5 15. Bxe5 f6 16. Bf4 e5 17. Be4 Qb6 18. Be3 Rd8 19. d3 Qxb2 20. Re2 Qb5
21. c4 Qd7 22. Qb3 Kh8 23. Rd2 Rb8 24. Qc3 b6 25. Qc2 Bb7 26. Rad1 Qe7 27. Qc3 Bxe4 28. dxe4 Rxd2+ 29. Rxd2 Rd8 30. h4 Rxd2+
31. Qxd2 h6 32. Qd3 c5 33. Qd5 e6 34. Qd1 g5 35. Qa1 Kh7 36. h5 g6 37. Qh1 g5 38. h4 f5 39. hxg5 Qg7 40. a4
1-0

[Event "Backwards Pawns: Testing Backwards Pawns"]
[Site "SchemingMind.com"]
[Date "2022.06.19"]
[Round "-"]
[White "JPT"]
[Black "*chessnut*"]
[Result "1-0"]
[WhiteCountry "INT"]
[BlackCountry "FRA"]
[WhiteElo "1419"]
[WhiteRD "129"]
[BlackElo "1100"]
[BlackRD "178"]
[GameID "724457"]

1. d4 d5 2. c4 Nf6 3. cxd5 Nxd5 4. e4 Nf6 5. Nc3 a6 6. Bc4 g6 7. Nf3 Bd7 8. Ng5 e6 9. Qf3 b5 10. Bb3 h6
11. Nxf7 Kxf7 12. e5 Be7 13. exf6 Bxf6 14. Ne4 g7 15. Nxf6 gxf6 16. O-O Nc6 17. d5 Ne5 18. dxe6+ Bxe6 19. Qh5+ Ke7 20. Bxe6 Kxe6
21. Bf4 Qd5 22. Rfe1 Qd4 23. Bxe5 fxe5 24. Qg6+ Kd5 25. Rad1 Qxd1 26. Rxd1+ Kc4 27. Qc6+ Kb4 28. Qc3+ Ka4 29. b4 Rhd8 30. Qb3#
1-0

[Event "Backwards Pawns: Testing Backwards Pawns"]
[Site "SchemingMind.com"]
[Date "2022.06.19"]
[Round "-"]
[White "*chessnut*"]
[Black "JPT"]
[Result "0-1"]
[WhiteCountry "FRA"]
[BlackCountry "INT"]
[WhiteElo "1338"]
[WhiteRD "292"]
[BlackElo "1416"]
[BlackRD "211"]
[GameID "724458"]

1. d4 d5 2. e3 c5 3. c4 Qa5+ 4. Bd2 Qd8 5. Bd3 c6 6. c5 g6 7. Nc3 Bg7 8. e4 Bxd4 9. Na4 dxe4 10. Bxe4 Bxf2+
11. Kxf2 Qd4+ 12. Kf3 Nf6 13. Qc2 Bg4+ 14. Kf4 Nxe4 15. Nf3 Bxf3 16. Be3 Qf6#
0-1

[Event "Backwards Pawns: Testing Backwards Pawns"]
[Site "SchemingMind.com"]
[Date "2022.06.15"]
[Round "-"]
[White "surfnsuds"]
[Black "Abstract Actuary"]
[Result "0-1"]
[WhiteCountry "USA"]
[BlackCountry "USA"]
[WhiteElo "1246"]
[WhiteRD "160"]
[BlackElo "1801"]
[BlackRD "182"]
[GameID "724473"]

1. d3 d5 2. e4 dxe4 3. Nd2 exd3 4. Nb3 dxc2 5. Qxd8+ Kxd8 6. Nd4 e5 7. Nxc2 Bf5 8. h3 Bxc2 9. Bg5+ f6 10. Be3 Bb4+
11. Bd2 Bxd2+ 12. Kxd2 Bg6 13. Rd1 Nc6 14. h2 Ke7 15. h4 Nh6 16. Bd3 Rad8 17. Ke3 Rxd3+ 18. Rxd3 Bxd3 19. Kxd3 Rd8+ 20. Kc2 Ng4
21. f3 Ne3+ 22. Kc3 Nxg2 23. Ne2 Nd4 24. Rd1 Nxe2+ 25. Kc2 Ne3+ 26. Kb1 Rxd1#
0-1

[Event "Backwards Pawns: Testing Backwards Pawns"]
[Site "SchemingMind.com"]
[Date "2022.06.15"]
[Round "-"]
[White "JPT"]
[Black "Abstract Actuary"]
[Result "0-1"]
[WhiteCountry "INT"]
[BlackCountry "USA"]
[WhiteElo "1416"]
[WhiteRD "211"]
[BlackElo "1800"]
[BlackRD "230"]
[GameID "724475"]

1. e4 e6 2. d4 d5 3. e5 c5 4. d3 Nc6 5. Bf4 Qb6 6. Qc1 Nge7 7. Nf3 Ng6 8. Be2 Nxf4 9. Qxf4 Qxb2 10. O-O Qxa1
11. c3 Be7 12. Ng5 Bxg5 13. Qxg5 O-O 14. Qd2 d4 15. Rc1 Nxe5 16. Na3 dxc3
0-1

[Event "Backwards Pawns: Testing Backwards Pawns"]
[Site "SchemingMind.com"]
[Date "2022.06.15"]
[Round "-"]
[White "Abstract Actuary"]
[Black "JPT"]
[Result "1-0"]
[WhiteCountry "USA"]
[BlackCountry "INT"]
[WhiteElo "1800"]
[WhiteRD "230"]
[BlackElo "1416"]
[BlackRD "211"]
[GameID "724476"]

1. e4 d5 2. exd5 Qxd5 3. Nc3 Qd8 4. d4 e6 5. f4 Nf6 6. Nf3 Bb4 7. Bd2 Bxc3 8. Bxc3 Nd5 9. Bd2 Nc6 10. Bb5 Bd7
11. O-O a6 12. Ba4 Qf6 13. c3 b5 14. Bc2 O-O 15. Ne5 Qd8 16. Qh5 Nf6 17. Qh4 h6 18. Rf3 h7 19. Rg3 Ne7 20. Qg5 Ng6
21. Nxg6 fxg6 22. h4 Nh5 23. Qxd8 Raxd8 24. Rf3 Bc6 25. Rf2 Nf6 26. Re1 Rde8 27. Bb3 Nd5 28. Rfe2 e7 29. Rxe7
1-0

[Event "Backwards Pawns: Testing Backwards Pawns"]
[Site "SchemingMind.com"]
[Date "2022.06.16"]
[Round "-"]
[White "Abstract Actuary"]
[Black "magier72"]
[Result "1-0"]
[WhiteCountry "USA"]
[BlackCountry "GER"]
[WhiteElo "1801"]
[WhiteRD "182"]
[BlackElo "1230"]
[BlackRD "185"]
[GameID "724477"]

1. e4 c5 2. d4 Nc6 3. Nf3 cxd4 4. Nxd4 e5 5. Nf5 d6 6. Bb5 Bxf5 7. exf5 Nf6 8. O-O d7 9. Re1 Bc5 10. Bxc6 Bxf2+
11. Kxf2 Qb6+ 12. Kf1 Qxc6 13. Rxe5+ Kd8 14. Bg5 Rc8 15. Nc3 Qc4+ 16. Qe2 Qxe2+ 17. Kxe2 Rc6 18. Re1 h6 19. Bh4 Kc8 20. Bxf6 gxf6
21. Re7 Rc5 22. g4 h5 23. h3 hxg4 24. hxg4 Re5+ 25. Kf3 d6 26. R1xe5 dxe5 27. Rxf7
1-0

[Event "Backwards Pawns: Testing Backwards Pawns"]
[Site "SchemingMind.com"]
[Date "2022.06.19"]
[Round "-"]
[White "Abstract Actuary"]
[Black "*chessnut*"]
[Result "1-0"]
[WhiteCountry "USA"]
[BlackCountry "FRA"]
[WhiteElo "1656"]
[WhiteRD "132"]
[BlackElo "1132"]
[BlackRD "133"]
[GameID "724479"]

1. e4 e5 2. Nf3 Bd6 3. d4 Qe7 4. dxe5 Bxe5 5. Nxe5 Qxe5 6. Qd5 Qxd5 7. exd5 Nf6 8. c4 d6 9. Bd3 c6 10. d4 Be6
11. b3 d5 12. c5 b6 13. b4 b5 14. Nc3 a5 15. b3 a6 16. O-O Nbd7 17. Bb2 b6 18. b4 b5 19. Rae1 O-O-O 20. a4 g6
21. Ra1 Kc7 22. axb5 Kb7 23. bxc6+ Kxc6 24. Rxa6+ Kc7 25. Rfa1 Rc8 26. c6 Nb6 27. b5 Ra8 28. Ra7+ Rxa7 29. Rxa7+ Kb8 30. Rb7+ Kc8
31. Rxb6 Kc7 32. Rb7+ Kd8 33. Rb8+ Bc8 34. b6 Re8 35. b7 Kc7 36. Rxc8+ Rxc8 37. bxc8=Q+ Kxc8 38. Ba6+ Kc7 39. Bb7 Kd6 40. Ba3+ Ke6
41. c7 d6 42. c8=Q+ Nd7 43. Bc6
1-0

[Event "Backwards Pawns: Testing Backwards Pawns"]
[Site "SchemingMind.com"]
[Date "2022.06.19"]
[Round "-"]
[White "*chessnut*"]
[Black "Abstract Actuary"]
[Result "0-1"]
[WhiteCountry "FRA"]
[BlackCountry "USA"]
[WhiteElo "1100"]
[WhiteRD "178"]
[BlackElo "1801"]
[BlackRD "182"]
[GameID "724480"]

1. e3 e5 2. b3 d5 3. Qe2 f5 4. Nc3 Nf6 5. Bb2 c5 6. O-O-O Nc6 7. h3 Be6 8. g3 g6 9. f4 e4 10. d3 Qc7
11. Nb5 Qf7 12. Bxf6 Qxf6 13. Nc7+ Kd7 14. Nxa8 Bd6 15. Qd2 Qa1#
0-1

[Event "Backwards Pawns: Testing Backwards Pawns"]
[Site "SchemingMind.com"]
[Date "2022.06.24"]
[Round "-"]
[White "surfnsuds"]
[Black "Ilang"]
[Result "0-1"]
[WhiteCountry "USA"]
[BlackCountry "HUN"]
[WhiteElo "1246"]
[WhiteRD "160"]
[BlackElo "1876"]
[BlackRD "131"]
[GameID "724748"]

1. d4 d5 2. e3 e6 3. c4 c6 4. c5 b6 5. c4 Nf6 6. c3 Bd6 7. Qf3 Nbd7 8. g3 O-O 9. Bd3 e5 10. dxe5 Nxe5
11. Qe2 Ne4 12. Bxe4 dxe4 13. f4 Nd3+ 14. Kd1 Bg4 15. f3 exf3 16. Nxf3 Nf2+ 17. Qxf2 Bxg3+ 18. Qd2 Bxf3+ 19. Kc2 Qh4 20. e2 Be4+
21. Kd1 Bf2 22. Qf4 Rad8+ 23. Bd2 Qxf4 24. e3 Qf3+ 25. e2 Qxh1#
0-1

[Event "Backwards Pawns: Testing Backwards Pawns"]
[Site "SchemingMind.com"]
[Date "2022.06.23"]
[Round "-"]
[White "Ilang"]
[Black "surfnsuds"]
[Result "1-0"]
[WhiteCountry "HUN"]
[BlackCountry "USA"]
[WhiteElo "1876"]
[WhiteRD "131"]
[BlackElo "1246"]
[BlackRD "160"]
[GameID "724749"]

1. d4 d5 2. Nf3 e6 3. e3 c5 4. c4 d6 5. dxc5 dxc5 6. Be2 Qf6 7. O-O Nc6 8. Nc3 Bd6 9. Qxd6 Bd7 10. Nb5 O-O-O
11. Qc7#
1-0

[Event "Backwards Pawns: Testing Backwards Pawns"]
[Site "SchemingMind.com"]
[Date "2022.06.23"]
[Round "-"]
[White "JPT"]
[Black "Ilang"]
[Result "0-1"]
[WhiteCountry "INT"]
[BlackCountry "HUN"]
[WhiteElo "1419"]
[WhiteRD "129"]
[BlackElo "1876"]
[BlackRD "131"]
[GameID "724750"]

1. g3 d5 2. Bg2 e6 3. f3 c5 4. Nh3 Nc6 5. Nf2 Nf6 6. b3 Be7 7. Bb2 e5 8. O-O h5 9. c3 Qb6 10. Qc1 Be6
11. Na3 h4 12. g4 c4 13. b4 h3 14. Bh1 e4 15. e3 Bd6 16. g5 Rh5 17. gxf6 Rg5+ 18. Ng4 Ne5 19. Kf2 Nd3+
0-1

[Event "Backwards Pawns: Testing Backwards Pawns"]
[Site "SchemingMind.com"]
[Date "2022.06.22"]
[Round "-"]
[White "Ilang"]
[Black "JPT"]
[Result "1-0"]
[WhiteCountry "HUN"]
[BlackCountry "INT"]
[WhiteElo "1876"]
[WhiteRD "131"]
[BlackElo "1419"]
[BlackRD "129"]
[GameID "724751"]

1. d4 b6 2. c4 Bb7 3. Nc3 c6 4. e3 Na6 5. a3 Nc7 6. Nf3 g6 7. Be2 Bg7 8. e4 f6 9. Qb3 f7 10. O-O Qc8
11. Re1 Nh6 12. a4 f6 13. a5 Nf7 14. axb6 axb6 15. Na4 Rxa4 16. Rxa4 O-O 17. Qxb6 Ne6 18. Ra7 Nfd8 19. d5 Nc7 20. dxc6 dxc6
21. Rd1 Na8 22. Qb3 f7 23. Rxd8 Rxd8 24. Qxb7 Nb6 25. Qxb6 Rd6 26. c5 Rf6 27. Rd7 Qxd7 28. Qb8+ Bf8 29. Bh6 g7 30. Ne5 Qd4
31. Be3 Qxe4 32. Nd7
1-0

[Event "Backwards Pawns: Testing Backwards Pawns"]
[Site "SchemingMind.com"]
[Date "2022.06.22"]
[Round "-"]
[White "Ilang"]
[Black "Abstract Actuary"]
[Result "1-0"]
[WhiteCountry "HUN"]
[BlackCountry "USA"]
[WhiteElo "1876"]
[WhiteRD "121"]
[BlackElo "1690"]
[BlackRD "138"]
[GameID "724752"]

1. d4 e6 2. c4 d5 3. c5 b6 4. cxb6 axb6 5. e3 c5 6. Bb5+ Bd7 7. Bxd7+ Qxd7 8. Ne2 Nc6 9. O-O Nf6 10. Nbc3 Be7
11. b3 O-O 12. a4 cxd4 13. Nxd4 Rfc8 14. Nxc6 Rxc6 15. Bb2 Rac8 16. Rc1 Bb4 17. Qd3 Bxc3 18. Rxc3 Rxc3 19. Bxc3 Ne4 20. Bd4 Nc5
21. Bxc5 Rxc5 22. Ra1 Qc7 23. Qd1 h6 24. b4 Rc2 25. a5 b7 26. b5 Rc5 27. a6 bxa6 28. bxa6 Ra5 29. Qe1 Rxa1 30. Qxa1 Qa7
31. Kf1 Kf8 32. Qa4 Ke7 33. Qc6 Kd8 34. Qd6+ Ke8 35. Ke2 g6 36. Kd3 h5 37. h4 Qa8 38. Qb6 Qc8 39. a7 Qc4+ 40. Kd2 Qa2+
41. Ke1 Qa1+ 42. Ke2
1-0

[Event "Backwards Pawns: Testing Backwards Pawns"]
[Site "SchemingMind.com"]
[Date "2022.06.22"]
[Round "-"]
[White "Abstract Actuary"]
[Black "Ilang"]
[Result "1-0"]
[WhiteCountry "USA"]
[BlackCountry "HUN"]
[WhiteElo "1690"]
[WhiteRD "138"]
[BlackElo "1876"]
[BlackRD "121"]
[GameID "724753"]

1. e4 e5 2. Nf3 e6 3. d4 Nf6 4. e5 Nd5 5. c4 Nb6 6. Nc3 Bb4 7. a3 Bxc3+ 8. bxc3 d5 9. c5 N6d7 10. Bd3 h6
11. a4 b6 12. c4 dxc4 13. Bxc4 O-O 14. Ba3 c5 15. a5 Ba6 16. Qe2 Bxc4 17. Qxc4 Qc7 18. O-O Nc6 19. axb6 axb6 20. Rfe1 Rfb8
21. Bb2 Rxa1 22. Rxa1 b5 23. Qe2 cxd4 24. cxd4 Nb6 25. Rc1 Nd5 26. g3 Qb7 27. Nd2 Na5 28. Ne4 Nc4 29. Rb1 Nde3 30. fxe3 Qxe4
31. Re1 Rc8 32. d3 Qb7 33. dxc4 Rxc4 34. Bd4 Qd5 35. Rb1 Qe4 36. Qe1 Rc2 37. Qf1 Qc6 38. g2 b4 39. h3 b3 40. Kh2 Qb7
41. Rb2 Rxb2 42. Bxb2 Qd5 43. Bd4 h5 44. Qd3 Qb7 45. Bb2 Qb8 46. Qd6 Qb5 47. e4 Qg5 48. Qb8+ Kh7 49. Qxb3 Qd8 50. Qc3 Qb8+
51. Qe5 Qxe5+ 52. Bxe5 Kg6 53. Kg3 f6 54. Bd6 f5 55. Kf4 fxe4 56. Kxe4 Kf6 57. h4 g6 58. Bf4 e7 59. Bg5+ Kf7 60. Ke5 e6
61. Kd6 g7 62. g3 g6 63. e4 g7 64. Ke5 g6 65. Be3 g7 66. Kf4 g6 67. Kg5 e5 68. Bc5 e6 69. Bd4 e7 70. Bc3 e6
71. Bf6 h6+ 72. Kxh6 Kxf6 73. g4 Kf7 74. Kg5 Kg7 75. e5 Kf7 76. h5 gxh5 77. gxh5 Kg7 78. h6+ Kf7 79. h7 Kg7 80. h8=R Kxh8
81. Kf6 Kg8 82. Kxe6 Kf8 83. Kd7
1-0

[Event "Backwards Pawns: Testing Backwards Pawns"]
[Site "SchemingMind.com"]
[Date "2022.06.22"]
[Round "-"]
[White "Ilang"]
[Black "magier72"]
[Result "1-0"]
[WhiteCountry "HUN"]
[BlackCountry "GER"]
[WhiteElo "1876"]
[WhiteRD "131"]
[BlackElo "1230"]
[BlackRD "185"]
[GameID "724754"]

1. d4 f5 2. e3 e6 3. Be2 Nf6 4. Nf3 Be7 5. O-O O-O 6. c4 d6 7. b3 Ne4 8. d3 Bf6 9. b2 Nc5 10. Nc3 Nc6
11. Rb1 Ne7 12. Qc2 Nd7 13. b3 c5 14. Nb5 Nb6 15. Rd1 Bd7 16. Nxd6 Bc6 17. Nb5 Qd7 18. a4 a6 19. Nc3 a7 20. a5 Nbc8
21. d4 cxd4 22. Nxd4 Bxd4 23. Rxd4 Qc7 24. b4 e5 25. Rd1 a6 26. Bb2 Na7 27. b5 axb5 28. cxb5 Bxb5 29. Qb3+ Kh8 30. Nxb5 Nxb5
31. Bxb5 Nc6 32. Bxc6 bxc6 33. Qb6 Qxb6 34. axb6 f6 35. b7 Rab8 36. Ba3
1-0

[Event "Backwards Pawns: Testing Backwards Pawns"]
[Site "SchemingMind.com"]
[Date "2022.06.23"]
[Round "-"]
[White "Ilang"]
[Black "*chessnut*"]
[Result "1-0"]
[WhiteCountry "HUN"]
[BlackCountry "FRA"]
[WhiteElo "1876"]
[WhiteRD "131"]
[BlackElo "1100"]
[BlackRD "178"]
[GameID "724756"]

1. d4 e6 2. c4 c5 3. dxc5 Bxc5 4. e3 Nc6 5. a3 Nf6 6. b4 Bd6 7. Qxd6 Ne4 8. Qf4 f5 9. Nd2 O-O 10. Nxe4 fxe4
11. Qxe4 Qf6 12. Ra2 Qe7 13. Bd2 d6 14. Bc3 Qf7 15. Nf3 Qg6 16. Qxg6 hxg6 17. Rd2 Rd8 18. b5 Ne7 19. e4 b6 20. Bb4 Nf5
21. exf5 exf5 22. Ne5 Re8 23. Bxd6 Re6 24. Bc7 Rxe5+ 25. Bxe5 Kf7 26. Rd8 Ke7 27. Rg8 Kf7 28. Rxg7+ Ke6 29. Bb2 Bd7 30. c5 Be8
31. Bc4#
1-0

[Event "Backwards Pawns: Testing Backwards Pawns"]
[Site "SchemingMind.com"]
[Date "2022.06.23"]
[Round "-"]
[White "*chessnut*"]
[Black "Ilang"]
[Result "0-1"]
[WhiteCountry "FRA"]
[BlackCountry "HUN"]
[WhiteElo "1100"]
[WhiteRD "178"]
[BlackElo "1876"]
[BlackRD "131"]
[GameID "724757"]

1. d4 d5 2. Nf3 Nf6 3. Ne5 d6 4. Nd3 Nc6 5. e3 e5 6. Qe2 Be6 7. Nc3 exd4 8. Nb5 dxe3 9. Bxe3 Nd5 10. Nf4 Nxf4
11. Bxf4 Be7 12. O-O-O Bxa2 13. b3 O-O 14. Kb2 a6 15. Nd4 Bf6 16. Be3 Bxb3 17. Kxb3 Na5+ 18. Ka2 c5 19. Nf5 Nc6 20. Nxd6 Qa5+
21. Kb3 Qb4+ 22. Ka2 Qb2#
0-1

[Event "Backwards Pawns: Testing Backwards Pawns"]
[Site "SchemingMind.com"]
[Date "2022.06.28"]
[Round "-"]
[White "surfnsuds"]
[Black "emakis"]
[Result "0-1"]
[WhiteCountry "USA"]
[BlackCountry "GRE"]
[WhiteElo "1246"]
[WhiteRD "160"]
[BlackElo "1674"]
[BlackRD "131"]
[GameID "724825"]

1. d4 d5 2. e3 Bf5 3. Bd3 Bxd3 4. Qxd3 c6 5. Nf3 Nf6 6. Ne5 d6 7. Nc4 Nbd7 8. O-O b5 9. Ncd2 e5 10. Nf3 e4
11. Qa3 exf3 12. gxf3 d5 13. Qc3 Rc8 14. Na3 b4 15. Qd3 bxa3 16. bxa3 Bd6 17. e4 Be7 18. e5 Nh5 19. Qf5 g6 20. Qd3 Bg5
21. Bxg5 Qxg5+ 22. Kh1 Qh4 23. Rab1 O-O 24. Rb7 Rfd8 25. Rxa7 c5 26. Qb5 Qh3 27. Qd3 Nf4 28. Rg1 Nxd3 29. cxd3 Qxf3+ 30. Rg2 cxd4
31. Rb7 Rc1#
0-1

[Event "Backwards Pawns: Testing Backwards Pawns"]
[Site "SchemingMind.com"]
[Date "2022.06.28"]
[Round "-"]
[White "emakis"]
[Black "surfnsuds"]
[Result "1-0"]
[WhiteCountry "GRE"]
[BlackCountry "USA"]
[WhiteElo "1674"]
[WhiteRD "131"]
[BlackElo "1246"]
[BlackRD "160"]
[GameID "724826"]

1. d4 d5 2. Bf4 Nc6 3. e3 Bf5 4. c3 Qd7 5. Nf3 Be4 6. Nbd2 Bxf3 7. Nxf3 O-O-O 8. Bb5 a6 9. Ne5 axb5 10. Nxd7 Rxd7
11. a4 f6 12. axb5 g5 13. bxc6 Rd6 14. Ra8#
1-0

[Event "Backwards Pawns: Testing Backwards Pawns"]
[Site "SchemingMind.com"]
[Date "2022.06.28"]
[Round "-"]
[White "JPT"]
[Black "emakis"]
[Result "0-1"]
[WhiteCountry "INT"]
[BlackCountry "GRE"]
[WhiteElo "1419"]
[WhiteRD "129"]
[BlackElo "1674"]
[BlackRD "131"]
[GameID "724827"]

1. e4 c5 2. h3 e6 3. e5 Nc6 4. Qe2 Qc7 5. Nf3 Nge7 6. Nc3 Ng6 7. e4 a6 8. d3 Bd6 9. Be3 Nf4 10. Bxf4 Bxf4
11. g3 Bd6 12. Bg2 Rb8 13. h2 b5 14. Nd5 exd5 15. exd5+ Ne7 16. O-O O-O 17. c4 Bb7 18. Ng5 h6 19. Ne4 Nf5 20. Qg4 Nd4
21. c3 f5
0-1

[Event "Backwards Pawns: Testing Backwards Pawns"]
[Site "SchemingMind.com"]
[Date "2022.06.28"]
[Round "-"]
[White "emakis"]
[Black "JPT"]
[Result "0-1"]
[WhiteCountry "GRE"]
[BlackCountry "INT"]
[WhiteElo "1674"]
[WhiteRD "131"]
[BlackElo "1419"]
[BlackRD "129"]
[GameID "724828"]

1. d4 d5 2. Bf4 Nf6 3. e3 Bf5 4. c4 e6 5. Nc3 d6 6. Qb3 Be7 7. Qxb7 Nbd7 8. b3 O-O 9. Nb5 a6 10. Nxc7 Rb8
11. Qa7 Be4 12. d5 Nc5 13. dxe6 Rb7 14. exf7+ Kxf7 15. Qxb7 Bxb7 16. Nd5 Nxd5 17. cxd5 Qa5+
0-1

[Event "Backwards Pawns: Testing Backwards Pawns"]
[Site "SchemingMind.com"]
[Date "2022.06.28"]
[Round "-"]
[White "Ilang"]
[Black "emakis"]
[Result "1-0"]
[WhiteCountry "HUN"]
[BlackCountry "GRE"]
[WhiteElo "1876"]
[WhiteRD "131"]
[BlackElo "1674"]
[BlackRD "131"]
[GameID "724829"]

1. d4 d5 2. e3 Nf6 3. Bd3 c6 4. b3 e6 5. Nf3 Be7 6. Bb2 b6 7. O-O Ba6 8. c4 Nbd7 9. h3 O-O 10. Nc3 Rc8
11. Rc1 Bd6 12. Re1 Qe7 13. c5 Bxd3 14. cxd6 Qxd6 15. Qxd3 a5 16. Rc2 Rc7 17. Rec1 Rfc8 18. Qa6 Qb4 19. a3 Qd6 20. Ne5 Ne4
21. Nxe4 dxe4 22. Rxc6 Rxc6 23. Nxc6 Rc7 24. Rc4 f5 25. Ne7+
1-0

[Event "Backwards Pawns: Testing Backwards Pawns"]
[Site "SchemingMind.com"]
[Date "2022.06.28"]
[Round "-"]
[White "emakis"]
[Black "Ilang"]
[Result "0-1"]
[WhiteCountry "GRE"]
[BlackCountry "HUN"]
[WhiteElo "1674"]
[WhiteRD "131"]
[BlackElo "1876"]
[BlackRD "131"]
[GameID "724830"]

1. c4 c5 2. Nc3 Nc6 3. Nf3 g6 4. e3 Nf6 5. Be2 Bg7 6. O-O O-O 7. d4 cxd4 8. exd4 d5 9. h3 dxc4 10. Bxc4 a6
11. d5 Na5 12. Be2 b5 13. b4 Nc4 14. b3 Nb6 15. d4 b4 16. Na4 Nxa4 17. bxa4 a5 18. a3 Ne4 19. Re1 Nc3 20. Qc2 Qd6
21. Bb2 Bf5 22. Bd3 Bxd3 23. Qxd3 Nxa4 24. Bc1 Nb6 25. Bb2 e6 26. Nd2 Na4
0-1

[Event "Backwards Pawns: Testing Backwards Pawns"]
[Site "SchemingMind.com"]
[Date "2022.06.28"]
[Round "-"]
[White "Abstract Actuary"]
[Black "emakis"]
[Result "0-1"]
[WhiteCountry "USA"]
[BlackCountry "GRE"]
[WhiteElo "1801"]
[WhiteRD "182"]
[BlackElo "1674"]
[BlackRD "131"]
[GameID "724831"]

1. e4 c5 2. d4 cxd4 3. c3 Nf6 4. e5 Nd5 5. cxd4 d6 6. e4 Nf6 7. Nc3 g6 8. Bc4 Bg7 9. Nf3 O-O 10. O-O Bg4
11. h3 Bxf3 12. Qxf3 Nc6 13. Rd1 Qb6 14. Ne2 Rac8 15. b3 Na5 16. Bd3 Rc7 17. Bb2 Nd7 18. Rac1 Rfc8 19. h4 Rxc1 20. Rxc1 Rxc1+
21. Bxc1 Bxd4 22. b4 Qxb4 23. a3 Qe1+ 24. Kh2 Qxf2 25. Nxd4 Qxd4 26. Bh6 Ne5
0-1